Brazilian Serie A by Badge - Statistics

General Stats
  • This quiz has been taken 32 times
  • The average score is 14 of 20
Answer Stats
Picture Answer % Correct
Santos FC
96%
Botafogo (RdJ)
92%
CR Flamengo (RdJ)
92%
São Paulo FC
92%
Corinthians
85%
Palmeiras
85%
Vasco da Gama
85%
Cruzeiro
81%
Grêmio
81%
Fluminense
77%
Atlético Mineiro
73%
Internacional de Porto Alegre
73%
Bahia FC
69%
Red Bull Bragantino
58%
Chapecoense
54%
Athletico Paranaense
50%
Vitória (Salvador)
42%
Mirassol
38%
Coritiba FC
35%
Remo
31%
No matching quizzes found
Score Distribution
Percent of People with Each Score
Percentile by Number Answered
Your Score History
You have not taken this quiz